01340caa a22002297a 4500003000800000008004100008039003300049040002600082080001100108100002600119245015900145260010000304300001800404502017000422650009500592650009500687650003300782942000800815999001700823952013700840952013300977BI-BuBU140314s2005 bd ||||| |||| 00| 0 fre d a20140318102251.0bVerhasselt aBI-BuBUbfrecBI-BuBU0 a336.121 4autaInamuco, Chantal10aEffets du déficit budgétaire sur les taux d'intérêt et leurs répercussions sur l'activité économique au Burundi (1980-2003)cChantal Inamuco aBujumburabUniversité du Burundi, Faculté des Sciences Economiques et Administrativesc2005 a85 f.c30 cm. aMémoire présenté et défendu publiquement en vue de l'obtention du grade de Licencié en Sciences Economiques et Administratives. Option : Economie Politique 7aDeficit budgetaire. Taux d'interet. Repercussion : Activite economique. Burundi. 1980-2003 7aActivite economique : deficit budgetaire. Taux d'interet. Repercussion. Burundi. 1980-2003 7aCUD. DataWinIsis. Verhasselt cMEM c23351d23351 00102udc4071935743aBCbBCd2014-03-25eDon de l'auteurl0oR.336.12 INA.p5010000466466r2014-03-25t1w2014-03-25yMEMi194604 00102udc4071961472bBFSEAd2019-04-10eDon de l'auteurl0o336.12 INA.p5010000466404r2019-04-10t2w2019-04-10yMEMaBFSEA